Motivation

Na minha lista:
Detalhes bibliográficos
Formato: Livro
Idioma:Undetermined
Publicado em: England Penguin Book 1966
Assuntos:
Tags: Adicionar Tag
Sem tags, seja o primeiro a adicionar uma tag!
Thư viện lưu trữ: Trung tâm Học liệu Trường Đại học Cần Thơ
LEADER 00450nam a2200169Ia 4500
001 CTU_90061
008 210402s9999 xx 000 0 und d
082 |a 152.5 
082 |b M918 
245 0 |a Motivation 
245 0 |c Dalbir Bindrra, Jane Stewart edited 
260 |a England 
260 |b Penguin Book 
260 |c 1966 
650 |a Motivation (psychology) 
904 |i Trọng Hải 
980 |a Trung tâm Học liệu Trường Đại học Cần Thơ